Heat and mass transfer (Record no. 5861)

000 -LEADER
fixed length control field 00529nam a2200205 4500
001 - CONTROL NUMBER
control field 5861
003 - CONTROL NUMBER IDENTIFIER
control field BD-DhUET
008 - FIXED-LENGTH DATA ELEMENTS--GENERAL INFORMATION
fixed length control field 700409m19679999is a b 000 0 eng
040 ## - CATALOGING SOURCE
Original cataloging agency DLC
Transcribing agency DLC
Modifying agency BD-DhUET
082 00 - DEWEY DECIMAL CLASSIFICATION NUMBER
Classification number 621.011
Item number ECK/1959
100 ## - MAIN ENTRY--PERSONAL NAME
Personal name Eckert, R. R. G.
245 00 - TITLE STATEMENT
Title Heat and mass transfer
250 ## - EDITION STATEMENT
Edition statement 2nd ed.
260 ## - PUBLICATION, DISTRIBUTION, ETC. (IMPRINT)
Place of publication, distribution, etc. New York
Name of publisher, distributor, etc. McGraw-Hill
Date of publication, distribution, etc. 1959
300 ## - PHYSICAL DESCRIPTION
Extent xiv, 530p.
490 1# - SERIES STATEMENT
Series statement McGraw-Hill series in mechanical engineering
650 #0 - SUBJECT ADDED ENTRY--TOPICAL TERM
Topical term or geographic name as entry element Heat-Transmission
700 ## - ADDED ENTRY--PERSONAL NAME
Personal name Drake, Robert M.
942 ## - ADDED ENTRY ELEMENTS (KOHA)
Koha item type General Book
Holdings
Location (home branch) Withdrawn status Koha full call number Source of classification or shelving scheme Copy number Damaged status Price effective from Koha date last borrowed Shelving location Not for loan Koha date last seen Date acquired Koha item type Piece designation (barcode) Sublocation or collection (holding branch) Koha normalized classification for sorting Lost status Koha issues (times borrowed)
Central Library, BUET 621.011/ECK/1959   2014-11-29 Circulation section 2014-11-292014-11-29General Book36668Central Library, BUET621_011000000000000_ECK_1959  
Central Library, BUET 621.011/ECK/1959 2 2014-12-03 Circulation section 2014-12-032014-12-03General Book14884Central Library, BUET621_000000000000000_011ECK1959  
Central Library, BUET 621.011/ECK/1959 3 2015-04-12 Circulation section 2015-04-122015-04-12General Book11302Central Library, BUET621_011000000000000_ECK_1959  
Central Library, BUET 621.011/ECK/1959 4 2015-04-12 Circulation section 2015-04-122015-04-12General Book31276Central Library, BUET621_011000000000000_ECK_1959  
Central Library, BUET 621.011/ECK/1959 5 2015-04-12 Circulation section 2015-04-122015-04-12General Book31274Central Library, BUET621_011000000000000_ECK_1959  
Central Library, BUET 621.011/ECK/1959 6 2015-04-12 Circulation section 2015-04-122015-04-12General Book31271Central Library, BUET621_011000000000000_ECK_1959  
Central Library, BUET 621.011/ECK/1959 7 2015-04-12 Circulation section 2015-04-122015-04-12General Book31272Central Library, BUET621_011000000000000_ECK_1959  
Central Library, BUET 621.011/ECK/1959 8 2015-04-132020-03-02Circulation section 2021-11-282015-04-13General Book31277Central Library, BUET621_011000000000000_ECK_1959 1
Central Library, BUET 621.011/ECK/1959 9 2015-04-13 Circulation section 2015-04-132015-04-13General Book11301Central Library, BUET621_011000000000000_ECK_1959  
Central Library, BUET 621.011/ECK/1959 10 2015-04-13 Circulation section 2015-04-132015-04-13General Book11303Central Library, BUET621_011000000000000_ECK_1959  
Central Library, BUET 621.011/ECK/1959 11 2015-04-13 Circulation section 2015-04-132015-04-13General Book24625Central Library, BUET621_011000000000000_ECK_1959  
Central Library, BUET 621.011/ECK/1959 12 2015-04-13 Circulation section 2015-04-132015-04-13General Book7652Central Library, BUET621_011000000000000_ECK_1959  
Central Library, BUET 621.011/ECK/1959 13 2015-04-13 Circulation section 2015-04-132015-04-13General Book24320Central Library, BUET621_011000000000000_ECK_1959  
Central Library, BUET 621.011/ECK/1959 14 2015-04-13 Circulation section 2015-04-132015-04-13General Book24976Central Library, BUET621_011000000000000_ECK_1959  
Central Library, BUET 621.011/ECK/1959 15 2015-04-13 Circulation section 2015-04-132015-04-13General Book31275Central Library, BUET621_011000000000000_ECK_1959  
Central Library, BUET 621.011/ECK/1959 16 2015-06-16 Reading section 2015-06-162015-06-16General Book7655Central Library, BUET621_011000000000000_ECK_1959